[Event "Ambalangoda Dhamso op 6th"]
[Site "Ambalangoda"]
[Date "2016.04.29"]
[Round "2"]
[White "Thiyasara, KT Thisen"]
[Black "De Silva, T Dinura Hemjith"]
[Result "1-0"]
[WhiteElo "1765"]
[BlackElo "1185"]
[PlyCount "73"]
[EventDate "2016.04.29"]
[EventType "swiss"]
[EventRounds "9"]
[EventCountry "SRI"]
[SourceTitle "EXT 2017"]
[Source "ChessBase"]
[SourceDate "2016.10.25"]
[SourceVersion "1"]
[SourceVersionDate "2016.10.25"]
[SourceQuality "1"]

1. d4 d5 2. c4 Nf6 3. cxd5 Nxd5 4. e4 Nf6 5. Nc3 e6 6. Nf3 b6 7. Bg5 Be7 8. Qc2 Bb7 9. Be2 h6 10. Be3 Bb4 11. Qa4+ Nc6 12. Bb5 Bxc3+ 13. bxc3 Qd6 14. e5 Qd5 15. exf6 gxf6 16. c4 Qe4 17. d5 exd5 18. Bxc6+ Bxc6 19. Qxc6+ Ke7 20. Qxd5 Qg4 21. 0-0 Rag8 22. Nd4 Qg6 23. Nf5+ Ke8 24. Rae1 Qxg2+ 25. Qxg2 Rxg2+ 26. Kxg2 Kd7 27. Rd1+ Kc6 28. Nd4+ Kb7 29. Nb5 Rg8+ 30. Kf3 a6 31. Nd4 c5 32. Nf5 Kc7 33. Bf4+ Kc8 34. Ne7+ Kb7 35. Rd7+ Ka8 36. Nc6 Rc8 37. Ra7# 1-0